The UK commercial property lending market (Record no. 103339)

MARC details
000 -LEADER
fixed length control field 01064cam a2200313 4500
001 - CONTROL NUMBER
control field J125107
008 - FIXED-LENGTH DATA ELEMENTS--GENERAL INFORMATION
fixed length control field 040211n2003 000 0 eng u
035 ## - SYSTEM CONTROL NUMBER
System control number (Sirsi) u125107
041 ## - LANGUAGE CODE
Language code of text/sound track or separate title eng
050 ## - LIBRARY OF CONGRESS CALL NUMBER
Classification number 332.6324
-- 18
100 ## - MAIN ENTRY--PERSONAL NAME
Personal name Maxted, Bill
245 #4 - TITLE STATEMENT
Title The UK commercial property lending market
Remainder of title mid-year 2003
260 ## - PUBLICATION, DISTRIBUTION, ETC.
Place of publication, distribution, etc. Leicester
Name of publisher, distributor, etc. De Montfort University
Date of publication, distribution, etc. 2003
300 ## - PHYSICAL DESCRIPTION
Extent vii, 31p.
Dimensions 30cm.
350 ## - PRICE (NR) (BK AM CF MU VM SE) [OBSOLETE]
Price 10
490 ## - SERIES STATEMENT
Series statement De Montfort University UK Commercial Property Lending Market
Volume/sequential designation 2003
520 ## - SUMMARY, ETC.
Summary, etc. This mid-year report analyses the lending activity of the major commercial property lenders operating within the UK during the first two quarters of 2003.
650 ## - SUBJECT ADDED ENTRY--TOPICAL TERM
Topical term or geographic name entry element PROPERTY MARKET
650 ## - SUBJECT ADDED ENTRY--TOPICAL TERM
Topical term or geographic name entry element LENDING MARKET
650 ## - SUBJECT ADDED ENTRY--TOPICAL TERM
Topical term or geographic name entry element INVESTMENT
650 ## - SUBJECT ADDED ENTRY--TOPICAL TERM
Topical term or geographic name entry element BUILDING SOCIETIES
650 ## - SUBJECT ADDED ENTRY--TOPICAL TERM
Topical term or geographic name entry element BANKS
650 ## - SUBJECT ADDED ENTRY--TOPICAL TERM
Topical term or geographic name entry element FINANCE
650 ## - SUBJECT ADDED ENTRY--TOPICAL TERM
Topical term or geographic name entry element LOAN TO VALUE RATIOS
690 ## - LOCAL SUBJECT ADDED ENTRY--TOPICAL TERM (OCLC, RLIN)
Topical term or geographic name as entry element PROPERTY-COMMERCIAL PROPERTY-COMMERCIAL PROPERTY FINANCE AND INVESTMENT
700 ## - ADDED ENTRY--PERSONAL NAME
Personal name Porter, Trudi
710 ## - ADDED ENTRY--CORPORATE NAME
Corporate name or jurisdiction name as entry element De Montfort University
9 (RLIN) 2410
942 ## - ADDED ENTRY ELEMENTS (KOHA)
Suppress in OPAC 0
Holdings
Withdrawn status Lost status Source of classification or shelving scheme Damaged status Not for loan Home library Current library Shelving location Date acquired Cost, normal purchase price Total Checkouts Full call number Barcode Date last seen Copy number Cost, replacement price Price effective from Koha item type
    Dewey Decimal Classification     London London Property market reports 30/04/2004 30.00   PROPERTY MARKET REPORTS 30069235 06/08/2019 2 30.00 06/08/2019 Book